00501nam a2200193Ia 4500008004100000020001800041050001400059100001900073245002800092245004500120260001500165260001600180260000900196300001600205300002700221300001000248440004100258500000800299170918s9999 xx 000 0 und d a9780439775229 bB146 2005 aBaglio, Ben M. aColt on christmas eve / cBen M. Baglio ; illustrated by Ann Baum. aNew York : bScholastic, c2005 a142 pages : bcolored illustration ; c19cm. aAnimal ark where animals come first. a910